<?xml version="1.0" encoding="UTF-8"?>
<collection xmlns:xsi="http://www.w3.org/2001/XMLSchema-instance" xsi:schemaLocation="http://www.loc.gov/MARC21/slim http://www.loc.gov/standards/marcxml/schema/MARC21slim.xsd" xmlns="http://www.loc.gov/MARC21/slim">
 <record>
  <leader>00000ctm a22000004a 4500</leader>
  <controlfield tag="001">UP-99796217612811269</controlfield>
  <controlfield tag="003">Buklod</controlfield>
  <controlfield tag="005">20180816111500.0</controlfield>
  <controlfield tag="006">m    |o  d |      </controlfield>
  <controlfield tag="007">ta</controlfield>
  <controlfield tag="008">180816s2015    xx     d     r    |||| u|</controlfield>
  <datafield tag="035" ind1=" " ind2=" ">
   <subfield code="a">(iLib)UPD-00366414259</subfield>
  </datafield>
  <datafield tag="040" ind1=" " ind2=" ">
   <subfield code="a">DARC</subfield>
   <subfield code="e">rda</subfield>
  </datafield>
  <datafield tag="041" ind1=" " ind2=" ">
   <subfield code="a">eng</subfield>
  </datafield>
  <datafield tag="042" ind1=" " ind2=" ">
   <subfield code="a">DMLUC</subfield>
  </datafield>
  <datafield tag="090" ind1=" " ind2=" ">
   <subfield code="a">LG 993.5 2018 T73</subfield>
   <subfield code="b">P66</subfield>
  </datafield>
  <datafield tag="100" ind1="1" ind2=" ">
   <subfield code="a">Ponce, Joyceleigh C.</subfield>
   <subfield code="e">author.</subfield>
  </datafield>
  <datafield tag="245" ind1="1" ind2="0">
   <subfield code="a">Beyond sight</subfield>
   <subfield code="b">enhancing human echolocation for the visually impaired through the development of urban public spaces</subfield>
   <subfield code="c">Joyceleigh C. Ponce ; Nappy L. Navarra, adviser.</subfield>
  </datafield>
  <datafield tag="264" ind1=" " ind2="1">
   <subfield code="a">Quezon City</subfield>
   <subfield code="b">College of Architecture, University of the Philippines Diliman</subfield>
   <subfield code="c">May 2015.</subfield>
  </datafield>
  <datafield tag="300" ind1=" " ind2=" ">
   <subfield code="a">ix, 131 leaves</subfield>
   <subfield code="b">illustrations (some color)</subfield>
   <subfield code="c">28 cm. +</subfield>
   <subfield code="e">CD-ROM (4 3/4 in.)</subfield>
  </datafield>
  <datafield tag="336" ind1=" " ind2=" ">
   <subfield code="a">text</subfield>
   <subfield code="2">rdacontent</subfield>
  </datafield>
  <datafield tag="337" ind1=" " ind2=" ">
   <subfield code="a">unmediated</subfield>
   <subfield code="2">rdamedia</subfield>
  </datafield>
  <datafield tag="338" ind1=" " ind2=" ">
   <subfield code="a">volume</subfield>
   <subfield code="2">rdacarrier</subfield>
  </datafield>
  <datafield tag="500" ind1=" " ind2=" ">
   <subfield code="a">Includes appendices</subfield>
  </datafield>
  <datafield tag="502" ind1=" " ind2=" ">
   <subfield code="a">Thesis (Bachelor of Landscape Architecture) -- University of the Philippines Diliman</subfield>
   <subfield code="d">May 2018.</subfield>
  </datafield>
  <datafield tag="520" ind1="3" ind2=" ">
   <subfield code="a">To realize the full potential of human, different cultural and intellectual movements such as transhumanism arise. Transhumanism is about finding solutions to modify human conditions through various biological and technological means. Different studies show how the surrounding environment greatly contributes to this development as it enables human senses to work. Still, the interaction is elusive when individuals lack certain senses to fully understand their environment, which compel them to rely on a specific sense. Most visually impaired individuals perceive their environment as series of images created in their mind based on what they hear. Echolocation is a rudimentary perception-action ability of humans, but it is difficult for humans to perceive objects at short distances because sounds and echoes are subjectively blurry. Although this ability is not innate, people can learn how to echolocate if they are exposed in a proper setting. One important factor which makes it difficult to perform echolocation is noise coming from the surrounding environment, especially in urban public spaces with high level of noise pollution created by busy streets and different human activities. With this, the study aims to develop urban public spaces so that it can be amenable for echolocation. It also aims to program an urban landscape design that will mask the noise through the use of different landscape architecture elements and strategic spatial planning. This is achieved through a unique research design which includes experimental activities with blind and low vision participants in order to gather information about how they interact with their surroundings. Through different activities such as Accompanied Walks, Word Game and Mental Mapping, information such as positive and negative urban elements as viewed by visually impaired are gathered. The results are then integrated with the sound analysis of the sites to create spaces that will not only benefit the visually impaired, but can also be enjoyed by all. By being exposed to these multisensory spaces every day, it can improve the overall capabilities of visually impaired individuals and encourage them to go out and experience the outdoor environment with confidence.</subfield>
  </datafield>
  <datafield tag="650" ind1=" " ind2="0">
   <subfield code="a">Public spaces</subfield>
   <subfield code="x">Barrier-free design.</subfield>
  </datafield>
  <datafield tag="650" ind1=" " ind2="0">
   <subfield code="a">Public spaces</subfield>
   <subfield code="x">Barrier-free design</subfield>
   <subfield code="z">Philippines.</subfield>
  </datafield>
  <datafield tag="700" ind1="1" ind2=" ">
   <subfield code="a">Navarra, Nappy L.</subfield>
   <subfield code="e">thesis adviser.</subfield>
  </datafield>
  <datafield tag="905" ind1=" " ind2=" ">
   <subfield code="a">FI</subfield>
  </datafield>
  <datafield tag="852" ind1="0" ind2=" ">
   <subfield code="a">UPD</subfield>
   <subfield code="b">DARC</subfield>
   <subfield code="h">LG 993.5 2018 T73</subfield>
   <subfield code="i">P66</subfield>
  </datafield>
  <datafield tag="942" ind1=" " ind2=" ">
   <subfield code="a">Thesis</subfield>
  </datafield>
 </record>
</collection>
